glycolysis quiz - Statistics

General Stats
  • This quiz has been taken 9 times
  • The average score is 8 of 23
Answer Stats
Hint Answer % Correct
starting material glucose
100%
step 1 product glucose-6-phosphate
75%
step 1 enzymeATP -> ADP hexokinase
75%
step 4 enzyme aldolase
50%
step 3 product fructose-1,6-bisphosphate
50%
step 2 product fructose-6-phosphate
50%
step 2 enzyme glucose-6-phosphate isomerase
50%
step 3 enzymeATP -> ADP phosphofructokinase 1
50%
step 6 product 1,6-bisphosphoglycerate
25%
step 8 product 2-phosphoglycerate
25%
step 7 product 3-phosphoglycerate
25%
step 9 enzyme enolase
25%
anaerobic product lactate
25%
if oxygen not present?NADH -> NAD+ (enzyme) lactate dehydrogenase
25%
step 8 enzyme mutase
25%
step 9 product phosphoenolpyruvate
25%
step 7 enzyme ADP -> ATP phosphoglycerate kinase
25%
step 10 product pyruvate
25%
step 10 enzyme pyruvate kinase
25%
step 5 product 2x glyceraldehyde-3-phosphate
0%
step 6 enzymeNAD+ -> NADH glyceraldehyde-3-phosphate dehydrogenase
0%
step 4 product glyceraldehyde-3-phosphate, dihydroxyacetone phosphate
0%
step 5 enzyme triose phosphate isomerase
0%
No matching quizzes found
Score Distribution
Percent of People with Each Score
Percentile by Number Answered
Your Score History
You have not taken this quiz